000 01300nam0a2200313 4500
001 RU\NLR\ONL2\3554
005 20250806203049.0
035 _a(NLR Aleph) 009651152
090 _a48448
_c48448
100 _a20050629d1941 c y0rusy50 ca
101 0 _agol
102 _aRU
105 _aa |||||||||
200 1 _aНанай хэсэвэни училэури дангса
_eГрамматика, тэрэк нирури
_eБонгоду училэми тэпч. шк. 1-2 кл.
210 _aЛ.
_cУчпедгиз
_d1941
215 _a127,[3] с.
_cил.
_d23
541 1 _aУчебник нанайского языка
_eГрамматика и правописание для 1-2 кл.
_zrus
606 0 _9Учебные издания для средней школы
_aНанайский язык
_2nlr-sh2
_2nlr-sh1
_3RU\NLR\auth\66316838
686 1 _aШ165.42-921
700 1 _aПетрова
_bТ. И.
_cлингвист-нанаевед
_f1896-1976
_gТаисия Ивановна
_3RU\NLR\AUTH\77118091
_4070
801 0 _aRU
_bNLR
_c20050629
_gPSBO
852 _aNLR
_bОНЛ
_jНанай./3-64
942 _cBOOK
945 _aРоссийская национальная библиотека
980 _aNB
980 _aBV
980 _aONL_RF